[Event "GER-chT U16 Girls"]
[Site "Magdeburg"]
[Date "2023.12.29"]
[Round "5.8"]
[White "Friedrich, Viktoria"]
[Black "Lankes, Selina"]
[Result "0-1"]
[WhiteElo "748"]
[BlackElo "933"]
[PlyCount "90"]
[EventDate "2023.12.26"]
[EventType "team-swiss"]
[EventRounds "7"]
[EventCountry "GER"]
[SourceTitle "CB03_2024"]
[SourceDate "2024.01.17"]
[SourceVersion "1"]
[SourceVersionDate "2024.01.17"]
[SourceQuality "1"]
[WhiteTeam "Stuttgart Wolfbusch"]
[BlackTeam "Roding"]
[WhiteTeamCountry "GER"]
[BlackTeamCountry "GER"]

1. e4 c6 2. Nf3 d5 3. exd5 cxd5 4. Nc3 Nf6 5. Bb5+ Bd7 6. d3 e6 7. Bg5 Nc6 8. 0-0 Bd6 9. Re1 0-0 10. Nd2 a6 11. Bxc6 Bxc6 12. Rf1 Be7 13. Qf3 Qa5 14. Qg3 Qb4 15. d4 Qxb2 16. Rfc1 Rac8 17. Ne2 Rfe8 18. Bh6 Nh5 19. Qg4 g6 20. Nf3 Bb5 21. Nf4 Nf6 22. Qg5 Ne4 23. Qg4 Bf6 24. Nh5 Rxc2 25. Nxf6+ Nxf6 26. Qh4 Rxc1+ 27. Rxc1 Ne4 28. h3 Be2 29. Ng5 Qxd4 30. Nxe4 dxe4 31. a3 Qe5 32. a4 f6 33. Re1 Bd3 34. f3 b5 35. fxe4 b4 36. g3 b3 37. Bf4 Qd4+ 38. Be3 Qc3 39. Rc1 b2 40. Rxc3 b1Q+ 41. Kf2 Qb2+ 42. Kf3 Qxc3 43. Bh6 Bc2+ 44. Kf4 e5+ 45. Kg4 Bd1# 0-1